Drapeaux en 30 secondes #4 - Statistiques

Statistiques générales
  • Ce quiz a été pris 245 fois
  • Le résultat moyen est 10 sur 15
Statistiques - réponses
Hint Réponse % Correct
Argentine 🇦🇷
78%
Colombie 🇨🇴
73%
Chili 🇨🇱
72%
Uruguay 🇺🇾
72%
Brésil 🇧🇷
71%
Equateur 🇪🇨
67%
Paraguay 🇵🇾
66%
Honduras 🇭🇳
65%
Venezuela 🇻🇪
64%
Belize 🇧🇿
64%
Bolivie 🇧🇴
63%
Guyana 🇬🇾
63%
Nicaragua 🇳🇮
62%
Suriname 🇸🇷
59%
Guatemala 🇬🇹
59%
Aucun quiz correspondant
Distribution des résultats
% des personnes avec chaque résultat
Percentile par nombre de réponses
Votre historique - résultats
Vous n’avez pas pris ce quiz